[Event "Lugano op"]
[Site "Lugano"]
[Date "2007.11.18"]
[Round "4.11"]
[White "Botta, Gabriele"]
[Black "Van de Plassche, Erik"]
[Result "1-0"]
[WhiteElo "2046"]
[BlackElo "2156"]
[PlyCount "105"]
[EventDate "2007.11.16"]
[EventType "swiss"]
[EventRounds "5"]
[EventCountry "SUI"]
[SourceTitle "CBM 121 Extra"]
[Source "ChessBase"]
[SourceDate "2008.01.10"]
[SourceVersion "1"]
[SourceVersionDate "2008.01.10"]
[SourceQuality "1"]

1. e4 d6 2. d4 Nf6 3. Nc3 g6 4. Be3 c6 5. a4 Nbd7 6. Qd2 Qa5 7. Nf3 Ng4 8. Bc4 Nxe3 9. fxe3 Bg7 10. 0-0 0-0 11. Qd3 e6 12. Ne2 d5 13. Bb3 Nf6 14. Ng3 dxe4 15. Nxe4 Nxe4 16. Qxe4 Qc7 17. Qh4 c5 18. d5 exd5 19. Bxd5 h6 20. c3 Bd7 21. Qc4 Rae8 22. Nh4 Re6 23. Bxe6 Bxe6 24. Qe4 Bd7 25. Rad1 Re8 26. Qc4 Be6 27. Qb5 Qe7 28. Nf3 Bf5 29. Rfe1 a6 30. Qb6 Bg4 31. Qd6 Qe4 32. Qf4 Bf5 33. Qxe4 Bxe4 34. Rd2 h5 35. Red1 Bf6 36. Kf2 g5 37. Rd6 Kg7 38. Rc1 g4 39. Nd2 Bc6 40. Nc4 Bxa4 41. Na5 Be5 42. Rd5 h4 43. b3 b6 44. bxa4 bxa5 45. Rxc5 f6 46. h3 Rb8 47. hxg4 Rb2+ 48. Kf3 Bg3 49. Rf1 Rc2 50. Rxa5 Rxc3 51. Rxa6 Rc2 52. Ra8 Ra2 53. a5 1-0